Aproximación a la música: reflexiones en torno al hecho musical
Uloženo v:
| Hlavní autor: | |
|---|---|
| Médium: | Kniha |
| Jazyk: | španělština |
| Vydáno: |
Pamplona
Salvat
1970
|
| Edice: | Biblioteca Básica Salvat, 63
|
| Témata: | |
| Tagy: |
Přidat tag
Žádné tagy, Buďte první, kdo vytvoří štítek k tomuto záznamu!
|
MARC
| LEADER | 00000nam a2200000 a 4500 | ||
|---|---|---|---|
| 001 | UCS3922 | ||
| 003 | CL-VaPUC | ||
| 008 | 970718e19700000sp |||||||||||||||||spa|d | ||
| 082 | 0 | 4 | |a 780.9 |b VAL |2 21 |
| 100 | 0 | |a Valls Gorina, Manuel |e author |9 390098 | |
| 245 | 1 | 0 | |a Aproximación a la música: reflexiones en torno al hecho musical |
| 300 | |a 162 p | ||
| 942 | |c BK | ||
| 945 | |d 19970718 00:00:00 |a jquezada | ||
| 260 | |a Pamplona |b Salvat |c 1970 | ||
| 650 | 0 | |a Música |9 306269 | |
| 650 | 0 | |a Historia |9 255047 | |
| 650 | 0 | |a Cultura |9 269059 | |
| 650 | 0 | |a Composición musical |9 306660 | |
| 650 | 0 | |a Teoría musical |9 265760 | |
| 650 | 0 | |a Música instrumental |9 375235 | |
| 650 | 0 | |a Artes |9 268202 | |
| 583 | |a last modification |c 20171212 05:38:58 |k Rodrigo Vera | ||
| 490 | 0 | |a Biblioteca Básica Salvat, 63 | |
| 999 | |c 261385 |d 261383 | ||
| 952 | |0 0 |1 0 |4 0 |6 780_900000000000000_VAL_1970 |7 0 |8 A |9 288779 |a BIBEDU |b BIBEDU |d 2019-11-19 |i 3127060 |o 780.9 VAL 1970 |p 3127060 |r 2022-01-17 |w 2019-11-19 |y BK |k MUS | ||